Normal view
MARC view
- Ingeniería
Entry Materia
001 - NÚMERO DE CONTROL DEL REGISTRO
- campo de control: 19298
003 - IDENTIFICADOR DE NUMERO DE CONTROL
- campo de control: MX-MxUPN
005 - FECHA Y HORA DE LA ÚLTIMA TRANSACCIÓN
- campo de control: 20250908100526.0
008 - DATOS DE LONGITUD FIJA
- campo de control de longitud fija: 250908nabacnnnaabn b |nc |d
035 ## - NÚMERO DE CONTROL DEL SISTEMA
- Número de control del sistema: UPN10000019307
040 ## - FUENTE DE LA CATALOGACIÓN
- Lengua de catalogación: SPA
- Agencia de transcripción: MX-MxUPN
150 ## - ENCABEZAMIENTO - TEMÁTICO
- Término de materia o nombre geográfico como elemento inicial: Ingeniería
- Subdivisión de materia general: Estudio y enseñanza
670 ## - FUENTE EN LA QUE SE LOCALIZARON DATOS
- Cita de la fuente: E
670 ## - FUENTE EN LA QUE SE LOCALIZARON DATOS
- Cita de la fuente: Actes du congres
- Información localizada: Portada: (Congress International des presidents d´Universites techniques et des dirigeants d´industrie)
902 ## - CATALOGADOR
- Catalogador: BEC/071096
902 ## - CATALOGADOR
- Catalogador: Berenice Martínez/080925
